Tvárniteľnosť a tvárnenie zváraných polotovarov

Uložené v:
Podrobná bibliografia
Hlavný autor: Babušeková, Lucia (Autor)
Ďalší autori: Bílik, Jozef (Vedúci práce)
Médium: Rukopis Kniha
Jazyk:Slovak
Vydavateľské údaje: 2018
Predmet:
On-line prístup:http://is.stuba.sk/zp/portal_zp.pl?podrobnosti=138467
Tagy: Pridať tag
Žiadne tagy, Buďte prvý, kto otaguje tento záznam!

MARC

LEADER 00000ntm a22000003a 4500
001 stuzp67824
003 SK-STU
005 20180820155342.5
007 ta
008 150427s2015----xo-----f-mn---000-0-slo-d
040 |a STU  |b slo 
041 0 |a slo 
100 1 |a Babušeková, Lucia  |u 063000  |4 aut  |U MTF Materiálovotechnologická fakulta  |T MTF Ústav výrobných technológií  |X 71720  |U M3000  |Y 83  |7 71720 
242 0 1 |a Formability and forming of welded semifinished products  |y eng 
245 1 0 |a Tvárniteľnosť a tvárnenie zváraných polotovarov 
260 |c 2018 
650 4 |a zvárané polotovary  |2 slo 
650 4 |a na mieru šité polotovary  |2 slo 
650 4 |a tvárnenie TWB  |2 slo 
650 4 |a tvárniteľnosť TWB  |2 slo 
650 4 |a welded semi-products  |2 eng 
650 4 |a formability of TWB  |2 eng 
650 4 |a forming of TWB  |2 eng 
650 4 |a tailor welded semi-products  |2 eng 
700 1 |a Bílik, Jozef  |u 063600  |k Z1  |4 ths  |U MTF Ústav výrobných technológií  |T MTF Katedra obrábania a tvárnenia  |X 1547  |U M3600  |Y 841  |7 A000001547 
856 4 |u http://is.stuba.sk/zp/portal_zp.pl?podrobnosti=138467 
996 |c M* DP-13447  |l MMSKP  |s P  |a 0  |w stuzp67824_0001